00689nam a22002171 450000100060000000300080000600500170001400800390003103500190007004000320008904100080012108200200012910000240014924500830017326000530025630000430030949000440035250400260039650400200042265000290044230259BD-RjUL20211209051533.0140409s1964 njua b 001 0 eng a(BD-RjUL)30344 aDLCcDLCdDLCdBD-RjULbeng aeng00a154.4bMEL 19641 aMednick, Sarnoff A.00aLearning /cby Sarnoff A. Mednick, with the collaboration of Howard R. Pollio. aEnglewood Cliffs, N.J. :bPrentice-Hall,cc1964. ax, 118 p. :billus., diagrs. ;c24 cm.0 aFoundations of modern psychology series aBibliography: p. 114. aIncludes Index. 0aLearning, Psychology of.